000 00248nam a2200097Ia 4500
008 240331s9999 xx 000 0 und d
082 _bWIC
100 _aWickramasinghe, M
245 0 _aFrom theory to action :
_bwomen gender and development
942 _cL
999 _c1618
_d1618